Statistics for Roman Names for Places

Click here to take the quiz!

General Stats

  • This quiz has been taken 35 times
  • The average score is 7 of 20

Answer Stats

HintAnswer% Correct
ItalyItalia
88%
FranceGaul
82%
RomeRoma
79%
SpainHispania
65%
TunisiaCarthago
47%
SicilySicilia
47%
ParisLutetia
41%
IstanbulByzantium
38%
GreeceGrecia
35%
TurkeyAsia Minor
29%
LondonLondonium
29%
Great BritainBrittania
26%
CroatiaDalmatia
24%
EgyptAegyptus
21%
NaplesNeapolis
18%
ViennaVindobona
15%
ZurichTuricum
6%
Balkan PeninsulaIllyrium
0%
CaspianMare Internum
0%
AlgeriaMauretania
0%

Score Distribution

Percentile by Number Answered

Percent of People with Each Score

Your Score History

You have not taken this quiz